00494nam a2200157 a 450000100100000000500170001000800410002702000180006804000250008608200140011110000210012524500920014626000440023830000280028250400260031000004079820201002034404.0130906s2005 sp a 000 0 spa d a9788449316692 aDO-SdBNPbspacBNPHU axxxxbxxx1 aFuentes, Rodolfo 3aLa práctica del diseño gráfico. :buna metodología creativa /cRodolfo Fuentes. aBarcelona, España :bpaidós,c2005. a181 p. :bil. ;c23 cm. aBibliografía p: 169